Les carambars de la récré ! : Une école de village en Pédagogie Freinet dans les années 60 (notice n° 1548795)
[ vue normale ]
| 000 -LEADER | |
|---|---|
| fixed length control field | 01033cam a2200133 4500500 |
| 005 - DATE AND TIME OF LATEST TRANSACTION | |
| control field | 20251012042459.0 |
| 041 ## - LANGUAGE CODE | |
| Language code of text/sound track or separate title | fre |
| 042 ## - AUTHENTICATION CODE | |
| Authentication code | dc |
| 100 10 - MAIN ENTRY--PERSONAL NAME | |
| Personal name | Feller, Guy-Joseph |
| Relator term | author |
| 245 00 - TITLE STATEMENT | |
| Title | Les carambars de la récré ! : Une école de village en Pédagogie Freinet dans les années 60 |
| 260 ## - PUBLICATION, DISTRIBUTION, ETC. | |
| Name of publisher, distributor, etc. | L'Harmattan,<br/> |
| Date of publication, distribution, etc. | 2005.<br/> |
| 520 ## - SUMMARY, ETC. | |
| Summary, etc. | Après les frasques et les aventures de libres enfants de Favières, on retrouve dans ce deuxième tome cette fratrie d’enfants farouches, fiers et turbulents, au sein de son école. Ce livre-témoignage se veut aussi comme un hommage fort et souvent émouvant à un couple d’instituteurs, Jean et Simone Beauvier, qui réussirent à faire grandir ces «petites âmes» pour en faire des hommes. Ce Carambars de la récré est aussi un hymne à la vie et à une pédagogie exceptionnelle, celle qui fut initiée par un pédagogue hors du commun, Célestin Freinet. |
| 856 41 - ELECTRONIC LOCATION AND ACCESS | |
| Uniform Resource Identifier | <a href="https://shs.cairn.info/les-carambars-de-la-recre--9782747582636?lang=fr&redirect-ssocas=7080">https://shs.cairn.info/les-carambars-de-la-recre--9782747582636?lang=fr&redirect-ssocas=7080</a> |
Pas d'exemplaire disponible.




Réseaux sociaux